| 000 | 00863nac a22002411u 4500 | ||
|---|---|---|---|
| 003 | EG-ScBUE | ||
| 005 | 20221122142927.0 | ||
| 008 | 090317s1995 ua f 000 0 ara d | ||
| 017 | _a95 / 4763 | ||
| 020 | _a977009893 | ||
| 040 |
_aEG-ScBUE _bara _erda _cEG-ScBUE _dEG-ScBUE |
||
| 043 | _af-ua--- | ||
| 082 | 0 | 4 |
_a331.310962 _bع ب د _222 |
| 100 | 1 |
_aعبد الله، أحمد، _eمؤلف. |
|
| 245 | 1 | 2 |
_aالأطفال الكادحون : _bظاهرة عمل الأطفال في مصر / _cد. أحمد عبد الله. |
| 264 | 1 |
_aالقاهرة : _bمركز الجيل للدراسات الشبابية والاجتماعية، _c[1995] |
|
| 300 |
_a94 صفحة ؛ _c22 سم |
||
| 541 | _aBook from store. | ||
| 650 | 7 |
_aالأطفال _xتشغيل _zمصر. _2BUEsh _920301 |
|
| 653 |
_bGGEN _cNovember2022 |
||
| 655 | _vReading book | ||
| 942 |
_cBB _2ddc |
||
| 999 |
_c30015 _d29986 |
||